<?xml version="1.0" encoding="UTF-8"?>
<record
    xmlns:xsi="http://www.w3.org/2001/XMLSchema-instance"
    xsi:schemaLocation="http://www.loc.gov/MARC21/slim http://www.loc.gov/standards/marcxml/schema/MARC21slim.xsd"
    xmlns="http://www.loc.gov/MARC21/slim">

  <leader>00806cam a2200241   4500</leader>
  <controlfield tag="001">1240</controlfield>
  <controlfield tag="005">20230411085949.0</controlfield>
  <controlfield tag="008">060907n1985    dr                  spa  </controlfield>
  <datafield tag="035" ind1=" " ind2=" ">
    <subfield code="a">(OCoLC)ocm21344051</subfield>
  </datafield>
  <datafield tag="040" ind1=" " ind2=" ">
    <subfield code="a">FQG</subfield>
    <subfield code="c">FQG</subfield>
    <subfield code="d">OCLCQ</subfield>
    <subfield code="d">OCLCG</subfield>
  </datafield>
  <datafield tag="035" ind1=" " ind2=" ">
    <subfield code="a">(OCoLC)21344051</subfield>
  </datafield>
  <datafield tag="043" ind1=" " ind2=" ">
    <subfield code="a">nwdr---</subfield>
  </datafield>
  <datafield tag="082" ind1=" " ind2="4">
    <subfield code="a">079.8</subfield>
  </datafield>
  <datafield tag="090" ind1=" " ind2=" ">
    <subfield code="a">F1938.58.B67</subfield>
    <subfield code="b">A252 1985</subfield>
  </datafield>
  <datafield tag="049" ind1=" " ind2=" ">
    <subfield code="a">GRAL</subfield>
  </datafield>
  <datafield tag="100" ind1="1" ind2=" ">
    <subfield code="a">Bosch, Juan,</subfield>
    <subfield code="d">1909-2001.</subfield>
  </datafield>
  <datafield tag="245" ind1="1" ind2="0">
    <subfield code="a">Conferencia sobre periodismo y literatura /</subfield>
    <subfield code="c">Juan Bosch.</subfield>
  </datafield>
  <datafield tag="250" ind1=" " ind2=" ">
    <subfield code="a">1a ed.</subfield>
  </datafield>
  <datafield tag="260" ind1=" " ind2=" ">
    <subfield code="a">Santo Domingo, R.D. :</subfield>
    <subfield code="b">Editora Alfa y Omega,</subfield>
    <subfield code="c">1985.</subfield>
  </datafield>
  <datafield tag="300" ind1=" " ind2=" ">
    <subfield code="a">17 p. ;</subfield>
    <subfield code="c">21 cm.</subfield>
  </datafield>
  <datafield tag="500" ind1=" " ind2=" ">
    <subfield code="a">"La conferencia sobre Periodismo y Literatura... fue pronunciada en uno de los salones de la Biblioteca Nacional el 30 de Agosto de este a&#xE4;no [1984]"-- P. [5]</subfield>
  </datafield>
  <datafield tag="942" ind1=" " ind2=" ">
    <subfield code="2">lcc</subfield>
    <subfield code="c">bk</subfield>
  </datafield>
  <datafield tag="999" ind1=" " ind2=" ">
    <subfield code="c">110101</subfield>
    <subfield code="d">110101</subfield>
  </datafield>
  <datafield tag="952" ind1=" " ind2=" ">
    <subfield code="0">0</subfield>
    <subfield code="1">0</subfield>
    <subfield code="2">lcc</subfield>
    <subfield code="4">0</subfield>
    <subfield code="7">0</subfield>
    <subfield code="8">APT</subfield>
    <subfield code="a">BJB</subfield>
    <subfield code="b">BJB</subfield>
    <subfield code="c">APT</subfield>
    <subfield code="d">2019-02-17</subfield>
    <subfield code="l">0</subfield>
    <subfield code="p">00000056488</subfield>
    <subfield code="r">2019-02-17 00:00:00</subfield>
    <subfield code="t">1</subfield>
    <subfield code="w">2019-02-17</subfield>
    <subfield code="y">bk</subfield>
  </datafield>
</record>
